• 首页
  • 本馆介绍
  • 公告通知
  • 最新文献
  • 馆藏检索
  • 电子资源
  • 读者导购
  • 参考咨询
  • 我的图书馆
  • 登录
  • 详细信息显示
  • 放入我的书架
  • 预约/预借图书
  • 作者相关作品
  • 分类相关作品
  • 丛书相关作品
  • 出版社相关作品

书目信息

  • 表格格式
  • 工作单格式
  • 卡片格式
题名:
中外童声合唱精品曲选
    
 
作者: 杨鸿年 , 杨鸿年 编
分册:   西欧
出版信息: 北京   人民音乐出版社  2004
页数: 355页
开本: 30cm
丛书名:
单 册:
中图分类: J652.63
科图分类:
主题词: 合唱 , 儿童歌曲 , 儿童歌曲--合唱--世界--选集
电子资源:
ISBN: 7-103-02821-4
000 01211nam0 2200349 450
000 01176nam0 2200337 450
000 01139nam0 2200325 450
000 01039nam0 2200301 450
000 01013nam0 2200301 450
000 00976nam0 2200289 450
000 00909nam0 2200265 450
001 0104000024
005 20061013080728.48
010    @a7-103-02821-4@dCNY44.20
100    @a20051124d2004 em y0chiy0110 ea
101 0  @achi
102    @aCN@b110000
105    @ag z 000yy
200 1  @a中外童声合唱精品曲选@Azhong wai tong sheng he chang jing pin qu xuan@e中国交响乐团少年及女子合唱团演唱曲集@i西欧@f杨鸿年编@Fyang hong nian bian
210    @a北京@c人民音乐出版社@d2004
215    @a355页@d30cm
517 1  @a中国交响乐团少年及女子合唱团演唱曲集@9zhong guo jiao xiang yue tuan shao nian ji nv zi he chang tuan yan chang qu ji
606 0  @a合唱
606 0  @a儿童歌曲
606 0  @a儿童歌曲@x合唱@y世界@j选集
690    @aJ652.63@v4
701  0 @a杨鸿年@9yang hong nian@4编
701  0 @a杨鸿年@Ayang hong nian@4编
801  0 @aCN@b北京荣雅伟业图书经销中心@c20061013
905    @aBZT@dJ652.63@e1
906    @dCNY44.20@n0@r1
    
    中外童声合唱精品曲选:中国交响乐团少年及女子合唱团演唱曲集.西欧/杨鸿年编.-北京:人民音乐出版社,2004
    355页;30cm
    
    
    ISBN 7-103-02821-4:CNY44.20
    
●
相关链接 在五车中查询图书 在当当中查询图书 在豆瓣中查询图书


正题名:中外童声合唱精品曲选     索取号:J652.63/1         预约/预借

序号 登录号 条形码 馆藏地/架位号 状态 备注
1 499506   230018854   中心书库中库/ 中库021架A面3列4层59/ [索取号:J652.63/1] 在馆    
2 499507   230018853   中心书库中库/ 中库021架A面4列4层85/ [索取号:J652.63/1] 在馆    
3 499508   230018852   中心书库中库/ 中库021架A面3列4层58/ [索取号:J652.63/1] 在馆    
4 499509   230018851   中心书库中库/ 中库021架A面4列4层84/ [索取号:J652.63/1] 在馆    
5 499510   230018850   中心书库中库/ 中库021架A面3列4层57/ [索取号:J652.63/1] 在馆    
山东省滨州职业学院图书馆 欢迎您!
大连网信软件有限公司© 版权所有